| 000 | 00305 a2200121 4500 | ||
|---|---|---|---|
| 999 |
_c321771 _d321771 |
||
| 001 | 86698 | ||
| 003 | NUST | ||
| 005 | 20180123105926.0 | ||
| 008 | 180123b xxu||||| |||| 00| 0 eng d | ||
| 082 | _a320.95491 ASG | ||
| 100 |
_aMuhammad Asghar Khan _99564 |
||
| 245 |
_aTareekh Say Kuch Nahi Seeka _hUrdu |
||
| 260 |
_aLahore _bDoost Publishers _c2012 |
||
| 300 | _a286p. | ||
| 942 |
_aCAE NUST _cBK _k320.95491 ASG _2ddc |
||